El Reino Unido y América: influencia religiosa
Furkejuvvon:
| Váldodahkki: | |
|---|---|
| Materiálatiipa: | Girji |
| Giella: | espánnjágiella |
| Almmustuhtton: |
Madrid
MAPFRE
1992
|
| Ráidu: | Colección Europa y América, 6
|
| Fáttát: | |
| Fáddágilkorat: |
Lasit fáddágilkoriid
Eai fáddágilkorat, Lasit vuosttaš fáddágilkora!
|
MARC
| LEADER | 00000nam a2200000 a 4500 | ||
|---|---|---|---|
| 001 | UCX7028 | ||
| 003 | CL-VaPUC | ||
| 008 | 930913e19920000SP |||||||||||||||||spa|d | ||
| 082 | 0 | 4 | |a 274.1 |b ASP |2 21 |
| 100 | 0 | |a Aspinwall, Bernard |e author |9 323759 | |
| 245 | 1 | 3 | |a El Reino Unido y América: influencia religiosa |
| 300 | |a 488 p | ||
| 942 | |c BK | ||
| 945 | |d 19930913 00:00:00 | ||
| 260 | |a Madrid |b MAPFRE |c 1992 | ||
| 650 | 7 | |a RELIGION INFLUENCIAS NORTEAMERICANAS |2 CL-VaPUC |9 323760 | |
| 650 | 7 | |a RELIGION INFLUENCIAS INGLESAS |2 CL-VaPUC |9 323761 | |
| 651 | 0 | |a Gran Bretaña |9 256767 | |
| 651 | 0 | |a Estados Unidos |9 255178 | |
| 583 | |a last modification |c 19930913 00:00:00 |k Rodrigo Vera | ||
| 490 | 0 | |a Colección Europa y América, 6 | |
| 999 | |c 226948 |d 226946 | ||
| 952 | |0 0 |1 0 |4 0 |6 274_100000000000000_ASP_1992 |7 0 |8 A |9 225661 |a BIBHIS |b BIBHIS |d 2019-11-15 |i 294300K |l 3 |o 274.1 ASP 1992 |p 294300K |r 2025-01-20 |s 2020-10-07 |w 2019-11-15 |y BK |k HIS | ||